| 000 | 00562nam a22002057a 4500 | ||
|---|---|---|---|
| 003 | OSt | ||
| 005 | 20180116183020.0 | ||
| 008 | 151110b xxu||||| |||| 00| 0 eng d | ||
| 020 | _a9788131521663 | ||
| 040 | _c0 | ||
| 082 | _a658.3 BOH 2013 | ||
| 100 | _aGeorge W. Bohlander | ||
| 245 |
_aPrinciples of Human Resource Management _cGeorge W. Bohlander |
||
| 250 | _a16th Ed. | ||
| 260 |
_aIndia _bCengage Learning _c2013 |
||
| 300 |
_a807 p. _bPB |
||
| 440 | _aPrinciples of Human Resource Management | ||
| 600 | _aGeorge W. Bohlander | ||
| 942 |
_2ddc _cBK |
||
| 999 |
_c350538 _d350538 |
||